SIGPLAN Notices

Saved in:
Bibliographic Details
Format: Serial
Published: 1991
Tags: Add Tag
No Tags, Be the first to tag this record!

MARC

LEADER 00000nas a22000003a 4500
001 stu70048
005 20141122000056.2
008 011106s1991----------------------------d
040 |a STU  |b slo 
041 0
245 |a SIGPLAN Notices 
260 |c 1991 
500 |a 1991 
500 |a 4-12 /CH: 1-38 
773 0 |t SIGPLAN Notices :  |w stu_us_cat*stu60260  |x 0362-1340  |7 nnas 
996 |d Vol. 26, 1991  |v Vol. 26  |y 1991  |l EE0103  |s A  |a 24  |w stu70048_0001